[Event "DMP-III LIGA Senior PK 2020"]
[Site "Bystre"]
[Date "2020.07.09"]
[Round "2.13"]
[White "Lach, Dariusz"]
[Black "Kopczyk, Daniel"]
[Result "1/2-1/2"]
[WhiteElo "1748"]
[BlackElo "2137"]
[Annotator "ChessBase"]
[PlyCount "191"]
[EventDate "2020.07.05"]
[EventType "team-tourn"]
[EventCountry "POL"]
[SourceTitle "playchess.com"]
[Source "ChessBase"]
[SourceQuality "1"]
[TimeControl "5400+30"]

1. d4 {[%emt 0:00:00]} Nf6 {[%emt 0:00:00]} 2. Nf3 {[%emt 0:01:11]} d5 {[%emt 0:01:45]} 3. Bf4 {[%emt 0:01:42]} c5 {[%emt 0:01:03]} 4. c3 {[%emt 0:03:22]} e6 {[%emt 0:04:19]} 5. e3 {[%emt 0:01:23]} Nc6 {[%emt 0:01:55]} 6. Bd3 {[%emt 0:02:58]} Bd6 {[%emt 0:01:17]} 7. Bxd6 {[%emt 0:01:58]} Qxd6 {[%emt 0:00:06]} 8. Nbd2 {[%emt 0:01:18]} O-O {[%emt 0:00:12]} 9. O-O {[%emt 0:00:28]} e5 {[%emt 0:00:41]} 10. dxe5 {[%emt 0:00:49]} Nxe5 {[%emt 0:00:05]} 11. Nxe5 {[%emt 0:00:37]} Qxe5 {[%emt 0:00:02]} 12. h3 {[%emt 0:01:03]} Bd7 {[%emt 0:01:53]} 13. Re1 {[%emt 0:01:29]} Bc6 {[%emt 0:01:12]} 14. Be2 {[%emt 0:00:34]} Rad8 {[%emt 0:00:58]} 15. Bf3 {[%emt 0:00:22]} Ne4 {[%emt 0:02:07]} 16. Qc2 {[%emt 0:02:15]} f5 {[%emt 0:23:24]} 17. Rad1 {[%emt 0:12:02]} b5 {[%emt 0:03:40]} 18. Nb3 {[%emt 0:04:47]} Qe7 {[%emt 0:01:39]} 19. Nd2 {[%emt 0:02:37]} Rd6 {[%emt 0:02:01]} 20. g3 {[%emt 0:02:32]} Rg6 {[%emt 0:02:12]} 21. Bg2 {[%emt 0:02:16]} Qc7 {[%emt 0:06:26]} 22. Nf1 {[%emt 0:00:51]} Rgf6 {[%emt 0:03:06]} 23. Nd2 {[%emt 0:03:43]} g5 {[%emt 0:08:10]} 24. Nxe4 {[%emt 0:02:34]} fxe4 {[%emt 0:00:37]} 25. Rd2 {[%emt 0:00:21]} Qf7 {[%emt 0:01:03]} 26. b4 {[%emt 0:00:56]} c4 {[%emt 0:00:45]} 27. Ree2 {[%emt 0:01:59]} Bd7 {[%emt 0:00:29]} 28. Qd1 {[%emt 0:01:34]} Be6 {[%emt 0:00:07]} 29. a4 {[%emt 0:00:32]} a6 {[%emt 0:01:16]} 30. axb5 {[%emt 0:00:19]} axb5 {[%emt 0:00:03]} 31. Ra2 {[%emt 0:01:24]} Rh6 {[%emt 0:00:24]} 32. Qd4 {[%emt 0:00:48]} Bxh3 {[%emt 0:04:14]} 33. Ra7 {[%emt 0:01:31]} Qf6 {[%emt 0:02:41]} 34. Qxf6 {[%emt 0:05:23]} Rfxf6 {[%emt 0:00:17]} 35. Rea2 {[%emt 0:00:43]} Bg4 {[%emt 0:09:08]} 36. R2a5 {[%emt 0:01:11]} Rb6 {[%emt 0:02:42]} 37. Rc7 {[%emt 0:01:08]} Ra6 {[%emt 0:01:42]} 38. Ra7 {[%emt 0:00:27]} Rxa7 {[%emt 0:05:45]} 39. Rxa7 {[%emt 0:00:11]} Rd6 {[%emt 0:00:32]} 40. Kh2 {[%emt 0:02:09]} Bf5 {[%emt 0:07:43]} 41. Kg1 {[%emt 0:01:40]} g4 {[%emt 0:00:46]} 42. Bf1 {[%emt 0:00:48]} Bd7 {[%emt 0:00:12]} 43. Be2 {[%emt 0:00:25]} h5 {[%emt 0:00:06]} 44. Kg2 {[%emt 0:00:40]} Kf8 {[%emt 0:00:27]} 45. Bd1 {[%emt 0:00:49]} Ke7 {[%emt 0:00:16]} 46. Be2 {[%emt 0:00:13]} Rb6 {[%emt 0:01:09]} 47. Bd1 {[%emt 0:00:40]} Kd8 {[%emt 0:00:31]} 48. Be2 {[%emt 0:00:31]} Rh6 {[%emt 0:01:19]} 49. Kg1 {[%emt 0:00:59]} Kc8 {[%emt 0:00:42]} 50. Kg2 {[%emt 0:00:48]} Rh7 {[%emt 0:00:07]} 51. Kg1 {[%emt 0:00:39]} Kb8 {[%emt 0:00:13]} 52. Ra5 {[%emt 0:00:22]} Kb7 {[%emt 0:00:03]} 53. Ra3 {[%emt 0:05:01]} Bc6 {[%emt 0:00:08]} 54. Bf1 {[%emt 0:01:16]} Rf7 {[%emt 0:01:07]} 55. Bg2 {[%emt 0:00:22]} Kb6 {[%emt 0:00:39]} 56. Ra2 {[%emt 0:00:29]} Re7 {[%emt 0:00:17]} 57. Ra3 {[%emt 0:01:34]} Re8 {[%emt 0:00:45]} 58. Kf1 {[%emt 0:00:39]} Rf8 {[%emt 0:01:06]} 59. Kg1 {[%emt 0:00:10]} Rh8 {[%emt 0:00:16]} 60. Kh2 {[%emt 0:00:30]} Re8 {[%emt 0:00:31]} 61. Kg1 {[%emt 0:00:21]} Rf8 {[%emt 0:00:29]} 62. Ra5 {[%emt 0:00:30]} Re8 {[%emt 0:00:20]} 63. Ra3 {[%emt 0:00:07]} Re6 {[%emt 0:00:19]} 64. Kf1 {[%emt 0:00:24]} Bb7 {[%emt 0:00:34]} 65. Ke2 {[%emt 0:02:45]} Re8 {[%emt 0:00:55]} 66. Kf1 {[%emt 0:00:09]} Bc8 {[%emt 0:01:01]} 67. Ke2 {[%emt 0:01:03]} Bf5 {[%emt 0:00:16]} 68. Ra1 {[%emt 0:01:28]} Rh8 {[%emt 0:00:41]} 69. Kf1 {[%emt 0:00:37]} Kb7 {[%emt 0:00:32]} 70. Ra5 {[%emt 0:00:27]} Bd7 {[%emt 0:00:02]} 71. Ra3 {[%emt 0:00:11]} Ra8 {[%emt 0:01:21]} 72. Rxa8 {[%emt 0:00:14]} Kxa8 {[%emt 0:00:01]} 73. Ke2 {[%emt 0:00:16]} Kb7 {[%emt 0:00:02]} 74. Kf1 {[%emt 0:00:47]} Kc6 {[%emt 0:00:02]} 75. Kg1 {[%emt 0:00:27]} Kd6 {[%emt 0:00:06]} 76. Kh2 {[%emt 0:00:27]} Bc6 {[%emt 0:00:03]} 77. Kg1 {[%emt 0:00:24]} Ke5 {[%emt 0:00:26]} 78. Kh2 {[%emt 0:00:23]} Kf5 {[%emt 0:00:05]} 79. Kg1 {[%emt 0:00:23]} Kg5 {[%emt 0:00:40]} 80. Kh2 {[%emt 0:00:18]} h4 {[%emt 0:00:20]} 81. gxh4+ {[%emt 0:00:10]} Kxh4 {[%emt 0:00:09]} 82. Bf1 {[%emt 0:00:24]} Be8 {[%emt 0:01:37]} 83. Kg2 {[%emt 0:00:40]} Bd7 {[%emt 0:00:18]} 84. Kh2 {[%emt 0:00:12]} Bc6 {[%emt 0:01:05]} 85. Bg2 {[%emt 0:00:14]} Bb7 {[%emt 0:00:56]} 86. Bf1 {[%emt 0:00:07]} Bc6 {[%emt 0:01:18]} 87. Be2 {[%emt 0:00:23]} d4 {[%emt 0:00:57]} 88. exd4 {[%emt 0:00:19]} e3 {[%emt 0:00:01]} 89. fxe3 {[%emt 0:00:58]} g3+ {[%emt 0:00:02]} 90. Kg1 {[%emt 0:00:19]} Kh3 {[%emt 0:00:01]} 91. Bf1+ {[%emt 0:01:12]} g2 {[%emt 0:00:04]} 92. Be2 {[%emt 0:00:10]} Kg3 {[%emt 0:00:05]} 93. Bh5 {[%emt 0:00:36]} Be4 {[%emt 0:01:19]} 94. Bd1 {[%emt 0:00:43]} Kh3 {[%emt 0:01:18]} 95. Be2 {[%emt 0:00:17]} Kg3 {[%emt 0:00:05]} 96. Bd1 {[%emt 0:00:06]} 1/2-1/2

[Event "DMP-III LIGA Senior PK 2020"]
[Site "Bystre"]
[Date "2020.07.09"]
[Round "2.14"]
[White "Mrozowski, Patryk"]
[Black "Lach, Ireneusz"]
[Result "1/2-1/2"]
[WhiteElo "2065"]
[BlackElo "1897"]
[Annotator "ChessBase"]
[PlyCount "146"]
[EventDate "2020.07.05"]
[EventType "team-tourn"]
[EventCountry "POL"]
[SourceTitle "playchess.com"]
[Source "ChessBase"]
[SourceQuality "1"]
[TimeControl "5400+30"]

1. e4 {[%emt 0:00:00]} e5 {[%emt 0:00:33]} 2. Nf3 {[%emt 0:00:00]} Nc6 {[%emt 0:00:06]} 3. Bc4 {[%emt 0:00:00]} d6 {[%emt 0:04:32]} 4. d3 {[%emt 0:00:00]} Be7 {[%emt 0:00:54]} 5. Bb3 {[%emt 0:00:00]} Nf6 {[%emt 0:00:30]} 6. c3 {[%emt 0:00:00]} O-O {[%emt 0:00:33]} 7. h3 {[%emt 0:00:00]} Na5 {[%emt 0:00:33]} 8. Bc2 {[%emt 0:00:00]} c5 {[%emt 0:00:18]} 9. Nbd2 {[%emt 0:00:45]} Nc6 {[%emt 0:01:18]} 10. Qe2 {[%emt 0:00:37]} Qc7 {[%emt 0:02:15]} 11. Nf1 {[%emt 0:00:19]} Be6 {[%emt 0:03:46]} 12. g4 {[%emt 0:00:07]} d5 {[%emt 0:11:59]} 13. Ng3 {[%emt 0:00:14]} d4 {[%emt 0:05:39]} 14. Nf5 {[%emt 0:02:13]} Bd8 {[%emt 0:08:33]} 15. Ng5 {[%emt 0:22:21]} Nd7 {[%emt 0:10:59]} 16. O-O {[%emt 0:02:54]} Bxg5 {[%emt 0:12:44]} 17. Bxg5 {[%emt 0:00:03]} f6 {[%emt 0:00:08]} 18. Bd2 {[%emt 0:00:29]} b5 {[%emt 0:00:28]} 19. Kh1 {[%emt 0:02:20]} Kh8 {[%emt 0:02:41]} 20. Rg1 {[%emt 0:05:21]} Rac8 {[%emt 0:11:22]} 21. Qe1 {[%emt 0:05:36]} g6 {[%emt 0:05:23]} 22. Ng3 {[%emt 0:00:10]} c4 {[%emt 0:00:33]} 23. Qf1 {[%emt 0:05:48]} Nc5 {[%emt 0:01:57]} 24. Bh6 {[%emt 0:05:42]} Rfd8 {[%emt 0:09:40]} 25. dxc4 {[%emt 0:00:45]} bxc4 {[%emt 0:00:30]} 26. g5 {[%emt 0:07:48]} fxg5 {[%emt 0:00:52]} 27. Bxg5 {[%emt 0:00:09]} Rf8 {[%emt 0:00:03]} 28. Qg2 {[%emt 0:04:59]} Rb8 {[%emt 0:01:36]} 29. Rab1 {[%emt 0:01:01]} Qd7 {[%emt 0:01:32]} 30. Kh2 {[%emt 0:00:53]} Rf7 {[%emt 0:00:41]} 31. Rgf1 {[%emt 0:01:49]} Rbf8 {[%emt 0:00:54]} 32. f3 {[%emt 0:02:14]} Nd3 {[%emt 0:00:59]} 33. Bxd3 {[%emt 0:00:49]} cxd3 {[%emt 0:00:04]} 34. Ra1 {[%emt 0:00:59]} dxc3 {[%emt 0:00:25]} 35. bxc3 {[%emt 0:00:02]} Na5 {[%emt 0:00:26]} 36. Bh6 {[%emt 0:00:11]} Rc8 {[%emt 0:00:23]} 37. Bd2 {[%emt 0:03:29]} Nc4 {[%emt 0:00:16]} 38. Rad1 {[%emt 0:01:03]} Nxd2 {[%emt 0:01:10]} 39. Qxd2 {[%emt 0:00:08]} Bxh3 {[%emt 0:00:13]} 40. Rf2 {[%emt 0:00:07]} Rd8 {[%emt 0:00:48]} 41. Qg5 {[%emt 0:00:22]} Re8 {[%emt 0:01:00]} 42. Qe3 {[%emt 0:03:46]} Be6 {[%emt 0:00:58]} 43. Qc5 {[%emt 0:03:26]} Qc7 {[%emt 0:00:14]} 44. Qxc7 {[%emt 0:00:12]} Rxc7 {[%emt 0:00:05]} 45. Rxd3 {[%emt 0:00:02]} Rec8 {[%emt 0:00:12]} 46. Rc2 {[%emt 0:00:28]} Bc4 {[%emt 0:00:18]} 47. Rd6 {[%emt 0:01:02]} Kg7 {[%emt 0:01:20]} 48. Rb2 {[%emt 0:00:17]} Bf7 {[%emt 0:00:14]} 49. Ne2 {[%emt 0:00:11]} Bc4 {[%emt 0:00:34]} 50. Ng3 {[%emt 0:00:23]} Bf7 {[%emt 0:00:12]} 51. Ne2 {[%emt 0:02:42]} Bc4 {[%emt 0:00:04]} 52. Kg2 {[%emt 0:00:47]} Bxe2 {[%emt 0:00:07]} 53. Rxe2 {[%emt 0:00:05]} h5 {[%emt 0:01:47]} 54. Ra6 {[%emt 0:00:07]} Rd8 {[%emt 0:00:36]} 55. Re6 {[%emt 0:03:54]} Rd3 {[%emt 0:00:31]} 56. Rxe5 {[%emt 0:01:37]} Rdxc3 {[%emt 0:00:19]} 57. Ra5 {[%emt 0:00:27]} R3c5 {[%emt 0:00:40]} 58. Ra6 {[%emt 0:00:47]} R5c6 {[%emt 0:00:05]} 59. Rxc6 {[%emt 0:00:13]} Rxc6 {[%emt 0:00:03]} 60. Kg3 {[%emt 0:00:37]} Kf6 {[%emt 0:00:21]} 61. Rd2 {[%emt 0:00:37]} Ra6 {[%emt 0:00:44]} 62. Rc2 {[%emt 0:02:19]} g5 {[%emt 0:00:52]} 63. Rh2 {[%emt 0:01:47]} Kg6 {[%emt 0:00:08]} 64. Rc2 {[%emt 0:00:07]} Kf6 {[%emt 0:00:13]} 65. Rh2 {[%emt 0:03:14]} Kg6 {[%emt 0:00:06]} 66. Rd2 {[%emt 0:00:04]} Kf6 {[%emt 0:00:02]} 67. Rc2 {[%emt 0:04:05]} Kg6 {[%emt 0:00:49]} 68. Kf2 {[%emt 0:04:38]} Kf6 {[%emt 0:00:15]} 69. Ke3 {[%emt 0:00:42]} Ra3+ {[%emt 0:01:04]} 70. Kd4 {[%emt 0:01:08]} Ra4+ {[%emt 0:00:29]} 71. Kd5 {[%emt 0:00:39]} Ra5+ {[%emt 0:00:36]} 72. Kd6 {[%emt 0:00:37]} Ra6+ {[%emt 0:00:14]} 73. Kd5 {[%emt 0:01:32]} Ra5+ {[%emt 0:00:07]} 1/2-1/2

[Event "DMP-III LIGA Senior PK 2020"]
[Site "Bystre"]
[Date "2020.07.09"]
[Round "2.15"]
[White "Janzer, Hubert"]
[Black "Futyma, Dawid"]
[Result "1-0"]
[WhiteElo "1893"]
[BlackElo "1278"]
[Annotator "NA"]
[PlyCount "37"]
[EventDate "2020.07.05"]
[EventType "team-tourn"]
[EventCountry "POL"]
[SourceTitle "playchess.com"]
[Source "ChessBase"]
[SourceQuality "1"]
[TimeControl "5400+30"]

{[%evp 8,36,22,2,7,11,16,-10,27,-19,0,-79,-55,-84,-12,-41,-22,-110,-127,-118,-114,-121,32767,32767,32767,32767,32767,32767,32767,931,29994]} 1. d4 {[%emt 0:00:00]} Nf6 {[%emt 0:00:00]} 2. Bf4 {[%emt 0:00:00]} d5 {[%emt 0:00:36]} 3. e3 {[%emt 0:00:00]} e6 {[%emt 0:00:40]} 4. Nf3 {[%emt 0:00:10]} Nbd7 {[%emt 0:00:42]} 5. Nbd2 {[%emt 0:00:26]} c5 {[%emt 0:00:27]} 6. c3 {[%emt 0:00:05]} Be7 {[%emt 0:00:12]} 7. Bd3 {[%emt 0:00:31]} O-O {[%emt 0:00:23]} 8. Qe2 {[%emt 0:01:55]} Qb6 {[%emt 0:04:17]} 9. O-O-O {[%emt 0:02:18]} (9. Rb1 $11 {keeps the balance.}) 9... c4 {[%emt 0:02:25]} 10. Bb1 {[%emt 0:00:41]} a5 {[%emt 0:01:53]} (10... Qa5 $17) 11. Ne5 {[%emt 0:02:09]} Qa6 {[%emt 0:01:36]} 12. e4 {[%emt 0:01:18]} ({White should play} 12. g4 $1 $15) 12... b5 {[%emt 0:02:53]} 13. Nxd7 {[%emt 0:03:21]} Bxd7 {[%emt 0:00:21]} 14. e5 {[%emt 0:07:23]} Ne8 {[%emt 0:01:45]} 15. Nf3 {[%emt 0:02:39]} b4 {[%emt 0:00:46]} 16. h4 {[%emt 0:08:05]} Rb8 {[%emt 0:01:20]} 17. Bxh7+ {[%emt 0:01:08]} Kh8 {[%emt 0:02:13]} 18. Ng5 {[%emt 0:00:26]} bxc3 {[%emt 0:00:18]} 19. Qh5 {[%emt 0:00:18]} 1-0

[Event "DMP-III LIGA Senior PK 2020"]
[Site "Bystre"]
[Date "2020.07.09"]
[Round "2.17"]
[White "Lach, Mateusz"]
[Black "Dziura, Wiktor"]
[Result "1-0"]
[WhiteElo "1674"]
[BlackElo "1353"]
[Annotator "NA"]
[PlyCount "93"]
[EventDate "2020.07.05"]
[EventType "team-tourn"]
[EventCountry "POL"]
[SourceTitle "playchess.com"]
[Source "ChessBase"]
[SourceQuality "1"]
[TimeControl "5400+30"]

1. d4 {[%emt 0:00:00]} g6 {[%emt 0:00:00]} 2. c4 {[%emt 0:00:00]} Bg7 {[%emt 0:00:00]} 3. Nc3 {[%emt 0:00:25]} Nf6 {[%emt 0:00:22]} 4. e3 {[%emt 0:00:16]} c5 {[%emt 0:00:43]} 5. Nf3 {[%emt 0:00:49]} cxd4 {[%emt 0:00:08]} 6. exd4 {[%emt 0:00:13]} d6 {[%emt 0:00:23]} 7. Be2 {[%emt 0:01:37]} O-O {[%emt 0:00:55]} 8. O-O {[%emt 0:00:25]} Bf5 {[%emt 0:00:51]} 9. Qb3 {[%emt 0:02:35]} Qc8 {[%emt 0:01:36]} 10. Be3 {[%emt 0:04:01]} Nc6 {[%emt 0:06:49]} 11. a3 {[%emt 0:03:53]} Rb8 {[%emt 0:08:05]} 12. Qa4 {[%emt 0:02:04]} a6 {[%emt 0:03:19]} 13. b4 {[%emt 0:00:55]} Ra8 {[%emt 0:07:55]} 14. Rac1 {[%emt 0:02:13]} Qd7 {[%emt 0:06:28]} 15. d5 {[%emt 0:03:25]} Nb8 {[%emt 0:03:19]} 16. Qxd7 {[%emt 0:00:58]} Nbxd7 {[%emt 0:00:26]} 17. Bd4 {[%emt 0:03:05]} Rac8 {[%emt 0:05:34]} 18. Nh4 {[%emt 0:01:02]} e6 {[%emt 0:06:47]} 19. Nxf5 {[%emt 0:02:02]} exf5 {[%emt 0:01:19]} 20. Bd3 {[%emt 0:01:17]} Ne5 {[%emt 0:02:56]} 21. Bxe5 {[%emt 0:01:15]} dxe5 {[%emt 0:00:06]} 22. c5 {[%emt 0:01:39]} Nd7 {[%emt 0:04:16]} 23. Na4 {[%emt 0:07:45]} e4 {[%emt 0:03:12]} 24. Be2 {[%emt 0:01:38]} Be5 {[%emt 0:07:48]} 25. c6 {[%emt 0:05:57]} bxc6 {[%emt 0:03:16]} 26. dxc6 {[%emt 0:00:55]} Nb8 {[%emt 0:01:31]} 27. b5 {[%emt 0:00:37]} axb5 {[%emt 0:01:27]} 28. Bxb5 {[%emt 0:00:09]} Rfd8 {[%emt 0:02:46]} 29. Nb6 {[%emt 0:01:12]} Rc7 {[%emt 0:00:38]} 30. a4 {[%emt 0:00:49]} f4 {[%emt 0:06:17]} 31. Na8 {[%emt 0:01:40]} Ra7 {[%emt 0:02:06]} 32. c7 {[%emt 0:00:38]} Rc8 {[%emt 0:00:08]} 33. Rfd1 {[%emt 0:05:07]} Bxc7 {[%emt 0:02:15]} 34. Nxc7 {[%emt 0:00:44]} Rcxc7 {[%emt 0:00:38]} 35. Rxc7 {[%emt 0:01:02]} Rxc7 {[%emt 0:00:04]} 36. Rd8+ {[%emt 0:00:28]} Kg7 {[%emt 0:00:06]} 37. Rxb8 {[%emt 0:00:28]} Rc1+ {[%emt 0:00:04]} 38. Bf1 {[%emt 0:00:08]} e3 {[%emt 0:00:04]} 39. fxe3 {[%emt 0:00:11]} fxe3 {[%emt 0:00:03]} 40. Rb2 {[%emt 0:00:22]} f5 {[%emt 0:00:12]} 41. g3 {[%emt 0:01:00]} Rd1 {[%emt 0:00:36]} 42. Ra2 {[%emt 0:00:30]} g5 {[%emt 0:01:26]} 43. Kg2 {[%emt 0:01:17]} f4 {[%emt 0:00:23]} 44. Be2 {[%emt 0:00:47]} Re1 {[%emt 0:01:39]} 45. a5 {[%emt 0:00:44]} Kg6 {[%emt 0:00:42]} 46. a6 {[%emt 0:00:13]} h5 {[%emt 0:00:06]} 47. a7 {[%emt 0:00:07]} 1-0

[Event "DMP-III LIGA Senior PK 2020"]
[Site "Bystre"]
[Date "2020.07.09"]
[Round "2.18"]
[White "Kruczek, Aleksandra"]
[Black "Wladyka, Angelika"]
[Result "0-1"]
[WhiteElo "1038"]
[BlackElo "1601"]
[Annotator "NA"]
[PlyCount "68"]
[EventDate "2020.07.05"]
[EventType "team-tourn"]
[EventCountry "POL"]
[SourceTitle "playchess.com"]
[Source "ChessBase"]
[SourceQuality "1"]
[TimeControl "5400+30"]

1. d4 {[%emt 0:00:00]} d5 {[%emt 0:00:00]} 2. Bf4 {[%emt 0:00:00]} Nf6 {[%emt 0:00:04]} 3. Nf3 {[%emt 0:00:36]} e6 {[%emt 0:02:02]} 4. e3 {[%emt 0:02:18]} Nbd7 {[%emt 0:02:32]} 5. Nbd2 {[%emt 0:01:39]} c5 {[%emt 0:01:43]} 6. c4 {[%emt 0:10:05]} a6 {[%emt 0:06:42]} 7. a4 {[%emt 0:05:26]} Be7 {[%emt 0:07:39]} 8. Bd3 {[%emt 0:06:07]} O-O {[%emt 0:07:18]} 9. O-O {[%emt 0:03:57]} b6 {[%emt 0:06:22]} 10. b3 {[%emt 0:05:58]} Bb7 {[%emt 0:03:55]} 11. Qc2 {[%emt 0:04:11]} Rc8 {[%emt 0:01:56]} 12. Be5 {[%emt 0:08:32]} h6 {[%emt 0:03:19]} 13. h3 {[%emt 0:03:50]} Re8 {[%emt 0:08:48]} 14. Rab1 {[%emt 0:05:33]} Nb8 {[%emt 0:14:28]} 15. Rfc1 {[%emt 0:12:56]} Nc6 {[%emt 0:02:00]} 16. Bxf6 {[%emt 0:05:29]} Bxf6 {[%emt 0:00:39]} 17. Rb2 {[%emt 0:06:11]} cxd4 {[%emt 0:01:48]} 18. exd4 {[%emt 0:01:59]} Nxd4 {[%emt 0:00:50]} 19. Nxd4 {[%emt 0:01:47]} Bxd4 {[%emt 0:00:04]} 20. Rbb1 {[%emt 0:00:31]} Qf6 {[%emt 0:01:05]} 21. Nf3 {[%emt 0:01:16]} dxc4 {[%emt 0:08:17]} 22. bxc4 {[%emt 0:01:04]} Bxf3 {[%emt 0:00:39]} 23. gxf3 {[%emt 0:01:12]} Qxf3 {[%emt 0:00:11]} 24. Be4 {[%emt 0:01:09]} Qxh3 {[%emt 0:02:05]} 25. Rb3 {[%emt 0:01:07]} Qh4 {[%emt 0:01:45]} 26. Rf3 {[%emt 0:03:20]} Rc5 {[%emt 0:01:48]} 27. Rb1 {[%emt 0:02:18]} a5 {[%emt 0:01:33]} 28. Bh7+ {[%emt 0:00:53]} Kf8 {[%emt 0:04:47]} 29. Qg6 {[%emt 0:02:18]} Rg5+ {[%emt 0:01:21]} 30. Qxg5 {[%emt 0:01:01]} Qxg5+ {[%emt 0:00:05]} 31. Kf1 {[%emt 0:00:16]} g6 {[%emt 0:02:13]} 32. Rd1 {[%emt 0:00:42]} e5 {[%emt 0:00:30]} 33. Bxg6 {[%emt 0:01:40]} Qxg6 {[%emt 0:00:05]} 34. Rg3 {[%emt 0:00:37]} Qc2 {[%emt 0:00:18]} 0-1

[Event "DMP-III LIGA Senior PK 2020"]
[Site "Bystre"]
[Date "2020.07.09"]
[Round "2.19"]
[White "Lopuszanski, Kamil"]
[Black "Piekarski, Lukasz"]
[Result "1-0"]
[WhiteElo "1995"]
[BlackElo "1901"]
[Annotator "ChessBase"]
[PlyCount "67"]
[EventDate "2020.07.05"]
[EventType "team-tourn"]
[EventCountry "POL"]
[SourceTitle "playchess.com"]
[Source "ChessBase"]
[SourceQuality "1"]
[TimeControl "5400+30"]

1. d4 {[%emt 0:00:32]} Nf6 {[%emt 0:01:48]} 2. c4 {[%emt 0:01:04]} g6 {[%emt 0:00:07]} 3. Nf3 {[%emt 0:00:05]} Bg7 {[%emt 0:00:06]} 4. Nc3 {[%emt 0:00:05]} O-O {[%emt 0:00:15]} 5. e4 {[%emt 0:00:06]} d6 {[%emt 0:00:04]} 6. Be2 {[%emt 0:00:05]} Na6 {[%emt 0:00:01]} 7. h3 {[%emt 0:02:26]} e5 {[%emt 0:13:02]} 8. dxe5 {[%emt 0:05:15]} dxe5 {[%emt 0:00:57]} 9. Be3 {[%emt 0:01:05]} Nd7 {[%emt 0:18:52]} 10. Qc2 {[%emt 0:10:34]} c6 {[%emt 0:17:46]} 11. O-O-O {[%emt 0:00:31]} Qe7 {[%emt 0:01:10]} 12. a3 {[%emt 0:08:12]} Nc7 {[%emt 0:01:21]} 13. g4 {[%emt 0:05:17]} a6 {[%emt 0:18:11]} 14. c5 {[%emt 0:10:01]} Nxc5 {[%emt 0:11:54]} 15. Nd5 {[%emt 0:00:42]} Nb3+ {[%emt 0:00:05]} 16. Qxb3 {[%emt 0:00:14]} cxd5 {[%emt 0:00:04]} 17. exd5 {[%emt 0:00:56]} Qd7 {[%emt 0:08:24]} 18. Bb6 {[%emt 0:05:10]} e4 {[%emt 0:04:02]} 19. Nd4 {[%emt 0:07:20]} Be5 {[%emt 0:00:37]} 20. Bc4 {[%emt 0:02:25]} Ne8 {[%emt 0:00:23]} 21. Rhe1 {[%emt 0:03:38]} Nd6 {[%emt 0:00:09]} 22. Bf1 {[%emt 0:02:06]} Re8 {[%emt 0:00:06]} 23. Bg2 {[%emt 0:01:31]} Qe7 {[%emt 0:00:37]} 24. Kb1 {[%emt 0:01:02]} f5 {[%emt 0:00:56]} 25. gxf5 {[%emt 0:03:41]} gxf5 {[%emt 0:00:11]} 26. f3 {[%emt 0:00:59]} Kh8 {[%emt 0:00:32]} 27. Nc2 {[%emt 0:06:59]} Qf6 {[%emt 0:00:39]} 28. fxe4 {[%emt 0:01:28]} fxe4 {[%emt 0:00:25]} 29. Bxe4 {[%emt 0:01:44]} Nb5 {[%emt 0:00:08]} 30. Bc5 {[%emt 0:03:34]} b6 {[%emt 0:00:53]} 31. d6 {[%emt 0:01:46]} Be6 {[%emt 0:00:17]} 32. Qf3 {[%emt 0:01:28]} Rab8 {[%emt 0:01:26]} 33. Qh5 {[%emt 0:02:04]} Qg7 {[%emt 0:00:28]} 34. Rg1 {[%emt 0:00:20]} 1-0

[Event "DMP-III LIGA Senior PK 2020"]
[Site "Bystre"]
[Date "2020.07.09"]
[Round "2.20"]
[White "Pasionek, Ariel"]
[Black "Mazurkiewicz, Andrzej"]
[Result "1-0"]
[WhiteElo "1914"]
[BlackElo "1608"]
[Annotator "ChessBase"]
[PlyCount "130"]
[EventDate "2020.07.05"]
[EventType "team-tourn"]
[EventCountry "POL"]
[SourceTitle "playchess.com"]
[Source "ChessBase"]
[SourceQuality "1"]
[TimeControl "5400+30"]

1. e4 d5 {[%emt 0:01:45]} 2. Nf3 {[%emt 0:00:00]} dxe4 {[%emt 0:01:33]} 3. Ng5 {[%emt 0:00:00]} Nf6 {[%emt 0:02:43]} 4. Bc4 {[%emt 0:01:21]} e6 {[%emt 0:01:18]} 5. Nc3 {[%emt 0:00:56]} b6 {[%emt 0:05:07]} 6. Ngxe4 {[%emt 0:17:44]} Bb7 {[%emt 0:01:14]} 7. d3 {[%emt 0:21:16]} h6 {[%emt 0:00:40]} 8. O-O {[%emt 0:16:19]} Nbd7 {[%emt 0:06:02]} 9. Bf4 {[%emt 0:03:46]} a6 {[%emt 0:00:41]} 10. Re1 {[%emt 0:11:46]} Be7 {[%emt 0:05:34]} 11. Qf3 {[%emt 0:04:25]} Qc8 {[%emt 0:02:46]} 12. Qh3 {[%emt 0:03:27]} b5 {[%emt 0:02:48]} 13. Bb3 {[%emt 0:00:26]} b4 {[%emt 0:01:53]} 14. Nb1 {[%emt 0:10:50]} Nxe4 {[%emt 0:04:33]} 15. dxe4 {[%emt 0:00:02]} Nc5 {[%emt 0:00:56]} 16. Nd2 {[%emt 0:01:59]} Nxb3 {[%emt 0:01:06]} 17. axb3 {[%emt 0:00:07]} O-O {[%emt 0:01:27]} 18. Qg3 {[%emt 0:00:24]} Kh7 {[%emt 0:01:40]} 19. Bxc7 {[%emt 0:01:32]} Bf6 {[%emt 0:02:36]} 20. Nc4 {[%emt 0:00:34]} Bd4 {[%emt 0:02:42]} 21. Be5 {[%emt 0:00:31]} Bxe5 22. Qxe5 Qb8 {[%emt 0:07:26]} 23. Qxb8 {[%emt 0:00:14]} Raxb8 {[%emt 0:02:17]} 24. f3 {[%emt 0:00:13]} Rfd8 {[%emt 0:02:10]} 25. Red1 {[%emt 0:00:22]} Rxd1+ {[%emt 0:03:57]} 26. Rxd1 {[%emt 0:00:01]} Bc6 {[%emt 0:00:28]} 27. Rd2 {[%emt 0:02:19]} f5 {[%emt 0:01:37]} 28. Rd6 {[%emt 0:01:08]} Bb5 {[%emt 0:00:41]} 29. Rxe6 {[%emt 0:00:27]} fxe4 {[%emt 0:00:41]} 30. Rxe4 {[%emt 0:00:11]} Rd8 {[%emt 0:00:44]} 31. Kf2 {[%emt 0:00:42]} Rd1 {[%emt 0:01:07]} 32. Ne3 {[%emt 0:02:04]} Rd2+ {[%emt 0:02:39]} 33. Kg3 {[%emt 0:00:05]} Re2 {[%emt 0:01:24]} 34. Kf4 {[%emt 0:00:18]} Bc6 {[%emt 0:03:50]} 35. Re7 {[%emt 0:00:14]} Bb5 {[%emt 0:01:41]} 36. h4 {[%emt 0:00:52]} Rf2 {[%emt 0:02:40]} 37. Re4 {[%emt 0:00:59]} Re2 {[%emt 0:00:44]} 38. h5 {[%emt 0:00:37]} Rf2 {[%emt 0:03:30]} 39. Rxb4 {[%emt 0:00:28]} Be8 {[%emt 0:01:10]} 40. Rb6 {[%emt 0:00:31]} Bxh5 {[%emt 0:00:51]} 41. Rxa6 {[%emt 0:00:27]} g5+ {[%emt 0:03:28]} 42. Ke5 {[%emt 0:00:49]} Re2 {[%emt 0:01:45]} 43. Kd4 {[%emt 0:00:09]} Bg6 {[%emt 0:02:47]} 44. Ra7+ {[%emt 0:00:44]} Kg8 {[%emt 0:00:18]} 45. Ng4 {[%emt 0:00:37]} Rxc2 {[%emt 0:02:43]} 46. Nxh6+ {[%emt 0:00:14]} Kf8 {[%emt 0:01:52]} 47. Ra5 {[%emt 0:00:16]} Rxg2 {[%emt 0:00:47]} 48. Ng4 {[%emt 0:00:19]} Rd2+ {[%emt 0:05:05]} 49. Ke5 {[%emt 0:01:00]} Rxb2 {[%emt 0:02:01]} 50. Kf6 {[%emt 0:00:13]} Rxb3 {[%emt 0:02:22]} 51. Ra8+ {[%emt 0:00:49]} Be8 {[%emt 0:00:14]} 52. Ne5 {[%emt 0:00:01]} Rb6+ {[%emt 0:00:58]} 53. Kxg5 {[%emt 0:00:08]} Ke7 {[%emt 0:00:41]} 54. f4 {[%emt 0:00:27]} Rb1 {[%emt 0:01:09]} 55. Kf5 {[%emt 0:01:12]} Bd7+ {[%emt 0:00:20]} 56. Nxd7 {[%emt 0:00:09]} Kxd7 {[%emt 0:00:27]} 57. Kf6 {[%emt 0:00:02]} Rb6+ {[%emt 0:01:05]} 58. Kf7 {[%emt 0:01:02]} Rb5 {[%emt 0:00:53]} 59. Ra4 {[%emt 0:00:44]} Kd6 {[%emt 0:00:41]} 60. Rd4+ {[%emt 0:00:25]} Kc5 61. Rd1 {[%emt 0:00:29]} Kc4 {[%emt 0:01:02]} 62. Kg6 {[%emt 0:00:15]} Rb6+ {[%emt 0:00:50]} 63. Kg5 {[%emt 0:00:08]} Rb2 {[%emt 0:00:27]} 64. f5 {[%emt 0:00:09]} Rg2+ {[%emt 0:00:27]} 65. Kf6 {[%emt 0:00:06]} Kc5 1-0